[Event "Trnava"]
[Site "Trnava"]
[Date "1983.??.??"]
[Round "?"]
[White "Lechtynsky, Jiri"]
[Black "Ruckschloss, Karol"]
[Result "1/2-1/2"]
[WhiteElo "2480"]
[BlackElo "2385"]
[PlyCount "44"]
[EventDate "1983.03.??"]
[Source "ChessBase"]

1. d4 f5 2. Nc3 Nf6 3. Bg5 e6 4. e4 fxe4 5. Nxe4 Be7 6. Bxf6 Bxf6 7. Qh5+ g6 8. Qh6 d5 9. Nxf6+ Qxf6 10. Nf3 Qf8 11. Qxf8+ Rxf8 12. h4 Bd7 13. h5 Nc6 14. hxg6 hxg6 15. c3 O-O-O 16. Bd3 e5 17. Nxe5 Nxe5 18. dxe5 Rde8 19. f3 Rxe5+ 20. Kf2 g5 21. Rae1 Rxe1 22. Rxe1 g4 1/2-1/2

[Event "US Open"]
[Site "US op Chicago"]
[Date "1994.??.??"]
[Round "7"]
[White "Chow, Albert"]
[Black "Gurevich, Dmitry B"]
[Result "0-1"]
[WhiteElo "2310"]
[BlackElo "2545"]
[PlyCount "64"]
[EventDate "1994.??.??"]
[Source "www.chesslib.no"]
[SourceDate "2004.05.04"]

1. d4 f5 2. e4 fxe4 3. Nc3 Nf6 4. Bg5 Nc6 5. f3 d5 6. fxe4 dxe4 7. Bb5 Bg4 8. Qd2 e6 9. h3 Bh5 10. g4 Bg6 11. Nge2 Qd6 12. O-O-O a6 13. Ba4 Be7 14. Bf4 Qd7 15. Ng3 O-O 16. h4 Nd5 17. Nce2 Rxf4 18. Nxf4 e3 19. Qe1 Nxf4 20. Qxe3 Nd5 21. Qd2 Bd6 22. Ne2 Bb4 23. Kb1 Bc5 24. Rc1 Bxc2+ 25. Ka1 Nf6 26. Rhg1 Rf8 27. Qe1 Ne4 28. Rf1 e5 29. Bxc6 bxc6 30. Rb1 exd4 31. Qa5 Qe6 32. Qa3 Nf6 0-1

[Event "Coslada op"]
[Site "?"]
[Date "1988.??.??"]
[Round "4"]
[White "Illescas"]
[Black "Sanz, J."]
[Result "1-0"]
[WhiteElo "2495"]
[BlackElo "2360"]
[PlyCount "103"]
[EventDate "1988.??.??"]
[Source "www.chesslib.no"]
[SourceDate "2004.05.04"]

1. d4 f5 2. Nc3 Nf6 3. Bg5 e6 4. e4 fxe4 5. Nxe4 Be7 6. Bxf6 Bxf6 7. Nf3 b6 8. Bd3 Bb7 9. Ne5 Bxe5 10. Qh5+ g6 11. Qxe5 O-O 12. c3 Nc6 13. Qg3 Ne7 14. h4 Nf5 15. Qg4 Bxe4 16. Bxe4 d5 17. Bc2 Qf6 18. O-O-O Ng7 19. h5 Qf4+ 20. Qxf4 Rxf4 21. hxg6 hxg6 22. Bxg6 Rxf2 23. Rdf1 Rff8 24. g4 Rad8 25. Bh7+ Kh8 26. Bb1+ Kg8 27. Bh7+ Kh8 28. Bg6+ Kg8 29. Kd2 Rxf1 30. Rxf1 Rd7 31. Ke3 Re7 32. Rf6 e5 33. dxe5 Rxe5+ 34. Kd4 Rg5 35. Bf5 Nxf5+ 36. gxf5 Rh5 37. Kxd5 Rh2 38. b4 Rxa2 39. Rc6 Rd2+ 40. Ke6 a5 41. b5 a4 42. Rxc7 a3 43. Ra7 a2 44. c4 Kh8 45. f6 Rf2 46. Kd7 Kg8 47. Kc7 Kf7 48. Kxb6+ Kxf6 49. c5 Ke5 50. c6 Kd6 51. c7 Kd7 52. Kb7 1-0

[Event "FRA-chT9697 groupe A"]
[Site "?"]
[Date "1997.??.??"]
[Round "7"]
[White "Poulton, James"]
[Black "Koch, Jean Rene"]
[Result "0-1"]
[WhiteElo "2360"]
[BlackElo "2495"]
[PlyCount "84"]
[EventDate "1997.??.??"]
[Source "www.chesslib.no"]
[SourceDate "2004.05.04"]

1. d4 f5 2. Bg5 g6 3. e4 fxe4 4. Nc3 Nf6 5. Qd2 d5 6. f3 exf3 7. Nxf3 Bf5 8. O-O-O Nbd7 9. Bd3 Bxd3 10. Qxd3 Bg7 11. h4 c6 12. Rde1 O-O 13. h5 gxh5 14. Nh4 Qe8 15. Nf5 e6 16. Rh3 Ng4 17. Nd6 Qg6 18. Qxg6 hxg6 19. Rxe6 Rf1+ 20. Kd2 Nf8 21. Re7 Bxd4 22. Rf3 Rxf3 23. gxf3 Ne5 24. Ke2 Ned7 25. Nf7 Bg7 26. Nd1 b6 27. f4 Nc5 28. f5 Ne4 29. Nh6+ Bxh6 30. Bxh6 Ng3+ 31. Kd3 Nxf5 32. Bxf8 Kxf8 33. Rc7 c5 34. Nf2 Kg8 35. Nh3 Re8 36. Nf4 Re3+ 37. Kd2 Re7 38. Rc8+ Kf7 39. Nxd5 Rd7 40. c4 Ne7 41. Rh8 Nxd5 42. cxd5 Rxd5+ 0-1

[Event "RUS-Cup2"]
[Site "Moscow"]
[Date "1996.??.??"]
[Round "2"]
[White "Moiseenko, Alexander"]
[Black "Vasiukov, Evgeni"]
[Result "0-1"]
[WhiteElo "2350"]
[BlackElo "2505"]
[PlyCount "82"]
[EventDate "1996.11.28"]
[Source "www.chesslib.no"]
[SourceDate "2004.05.04"]

1. d4 f5 2. e4 fxe4 3. Nc3 Nf6 4. Bg5 Nc6 5. d5 Ne5 6. f4 Nf7 7. Qd4 c6 8. Bxf6 gxf6 9. Qxe4 Bg7 10. Be2 Qa5 11. O-O-O e6 12. f5 O-O 13. d6 Ng5 14. Qg4 exf5 15. Bc4+ Kh8 16. Qh5 b5 17. h4 Ne6 18. Qxf5 Bh6+ 19. Kb1 Ng7 20. Qc5 Qb6 21. Qxb6 axb6 22. Bb3 Nf5 23. Nf3 Ne3 24. Rde1 Ba6 25. g4 Rae8 26. g5 Bg7 27. gxf6 Bxf6 28. Ng5 Bxg5 29. hxg5 Kg7 30. Rh3 Nf1 31. Rxe8 Rxe8 32. a3 Nd2+ 33. Ka2 Nxb3 34. Kxb3 Re6 35. Rd3 b4 36. axb4 Bxd3 37. cxd3 Rxd6 38. Kc4 b5+ 39. Kc5 Rxd3 40. Ne4 Rd5+ 41. Kb6 Kg6 0-1

[Event "Stary Smokovec"]
[Site "Stary Smokovec"]
[Date "1979.??.??"]
[Round "?"]
[White "Gonsior, Evzen"]
[Black "Gazik, Igor"]
[Result "0-1"]
[WhiteElo "2390"]
[BlackElo "2460"]
[PlyCount "34"]
[EventDate "1979.10.??"]
[Source "ChessBase"]

1. d4 f5 2. Nc3 Nf6 3. Bg5 e6 4. e4 fxe4 5. Nxe4 Be7 6. Bxf6 Bxf6 7. Nf3 Nc6 8. c3 O-O 9. Bd3 d6 10. Qc2 h6 11. h4 e5 12. d5 Ne7 13. Nfg5 Nf5 14. g4 Nxh4 15. Nxf6+ Qxf6 16. Nh7 Ng2+ 17. Kd1 Qf3+ 0-1

[Event "Palic DDOR"]
[Site "?"]
[Date "1999.10.23"]
[Round "2"]
[White "Vasovski Nikola"]
[Black "Grunberg Mihai"]
[Result "0-1"]
[WhiteElo "2375"]
[BlackElo "2445"]
[PlyCount "138"]
[EventDate "1999.??.??"]
[Source "www.chesslib.no"]
[SourceDate "2004.05.04"]

1. d4 f5 2. e4 fxe4 3. Nc3 Nf6 4. Bg5 Nc6 5. f3 d5 6. fxe4 dxe4 7. d5 Ne5 8. Qd4 Nf7 9. Bxf6 exf6 10. Nxe4 Be7 11. O-O-O O-O 12. Nf3 f5 13. Nc5 Bf6 14. Qa4 Qd6 15. Ne6 Bxe6 16. dxe6 Qxe6 17. Bc4 Qb6 18. Bb3 Kh8 19. Rhe1 Nd6 20. Ne5 Bxe5 21. Rxe5 Ne4 22. Qd4 c5 23. Qe3 Qc7 24. Rdd5 c4 25. Ba4 Qb6 26. Qd4 Qb4 27. Bd7 Qe1+ 28. Qd1 Qe3+ 29. Kb1 c3 30. b3 Rad8 31. Ka1 Qf2 32. a4 Nd2 33. Ka2 Qxg2 34. h4 Qh2 35. Bxf5 Rxd5 36. Rxd5 Qxh4 37. Bd3 g6 38. Qe2 Qf6 39. Rd7 Nf3 40. Rxb7 a5 41. Be4 Ng5 42. Bd3 Nf7 43. Qh2 Re8 44. Qc7 Kg7 45. Bc4 Rf8 46. Qxa5 g5 47. Qc7 Qf4 48. Qxf4 gxf4 49. a5 Kf6 50. Rb6+ Ke5 51. Re6+ Kf5 52. Re7 Ne5 53. Bf1 Nc6 54. Rxh7 Nb4+ 55. Ka3 Nxc2+ 56. Ka4 Ne3 57. Bd3+ Ke5 58. b4 Rd8 59. Rh5+ Kd4 60. Bb5 Rc8 61. Rh1 c2 62. Rc1 Kc3 63. a6 Nd5 64. Ka5 Kb2 65. Rxc2+ Kxc2 66. a7 Ra8 67. Ka6 f3 68. Bc6 Nxb4+ 69. Kb7 Nxc6 0-1

[Event "Triesen LIE"]
[Site "?"]
[Date "2006.05.27"]
[Round "9"]
[White "Dobrev Nanko"]
[Black "Wiersma Eelke"]
[Result "1-0"]
[WhiteElo "2407"]
[BlackElo "2409"]
[PlyCount "63"]
[EventDate "2006.??.??"]
[Source "www.chesslib.no"]
[SourceDate "2004.05.04"]

1. d4 f5 2. e4 fxe4 3. Nc3 Nf6 4. Bg5 Nc6 5. d5 Ne5 6. Qd4 Nf7 7. Bf4 g5 8. Bg3 Bg7 9. Nxe4 O-O 10. Bd3 c6 11. dxc6 bxc6 12. Nxf6+ exf6 13. Qa4 Qe7+ 14. Kf1 Ne5 15. Re1 Qc5 16. Rxe5 fxe5 17. Qe4 Rf7 18. Qxh7+ Kf8 19. Nf3 e4 20. Qxe4 d5 21. Qg6 Rf6 22. Qxg5 Rxf3 23. gxf3 Bh3+ 24. Ke2 Re8+ 25. Kd1 Qb4 26. Qh5 Bd7 27. c3 Qxb2 28. Bd6+ Re7 29. Bxe7+ Kxe7 30. Qg5+ Kd6 31. Qf4+ Be5 32. Qb4+ 1-0

[Event "Groningen thema"]
[Site "Groningen"]
[Date "1996.??.??"]
[Round "2"]
[White "Van Mil, Johannes A J"]
[Black "Hoeksema, Hendrik Pieter"]
[Result "1-0"]
[WhiteElo "2405"]
[BlackElo "2410"]
[PlyCount "74"]
[EventDate "1996.08.??"]
[Source "www.chesslib.no"]
[SourceDate "2004.05.04"]

1. d4 f5 2. e4 fxe4 3. Nc3 Nf6 4. Bg5 Nc6 5. Bb5 a6 6. Bxc6 bxc6 7. Qe2 d5 8. f3 Bf5 9. O-O-O Qd6 10. Bxf6 gxf6 11. fxe4 dxe4 12. Kb1 Rb8 13. b3 Rg8 14. Rf1 Qe6 15. Nh3 Bg4 16. Qxa6 Bxh3 17. gxh3 Rd8 18. d5 Qe5 19. Qxc6+ Rd7 20. Qe6 Qxe6 21. dxe6 Rd6 22. Nb5 Rc6 23. Rf4 Rg2 24. Nd4 Rc5 25. Rxe4 f5 26. Rf4 Bg7 27. Nxf5 Bf6 28. Ne3 Re2 29. Rg1 Rg5 30. Rxg5 Bxg5 31. Rg4 h6 32. Ng2 Rxe6 33. a4 Kd7 34. b4 Kc6 35. Kb2 Re2 36. Kb3 Bf6 37. Nf4 Rxh2 1-0

[Event "Montecatini Terme op"]
[Site "Montecatini Terme"]
[Date "2000.??.??"]
[Round "5"]
[White "Ortega, Lexy"]
[Black "Klip, Hans"]
[Result "1-0"]
[WhiteElo "2491"]
[BlackElo "2322"]
[PlyCount "87"]
[EventDate "2000.07.??"]
[Source "www.chesslib.no"]
[SourceDate "2004.05.04"]

1. d4 f5 2. Nc3 Nf6 3. Bg5 e6 4. e4 fxe4 5. Nxe4 Be7 6. Bxf6 Bxf6 7. Nf3 Qe7 8. Bd3 Nc6 9. O-O d6 10. c3 Bd7 11. Re1 O-O-O 12. b4 Qf7 13. Bb5 Qh5 14. c4 Rhf8 15. Rb1 Qf5 16. c5 Be8 17. Bd3 Qf4 18. cxd6 Nxd4 19. Qc1 Qxc1 20. Rbxc1 Nxf3+ 21. gxf3 c6 22. Bc4 Bf7 23. b5 Bd4 24. bxc6 bxc6 25. Bb5 c5 26. Nxc5 Bxc5 27. Rxc5+ Kb8 28. d7 Bg6 29. Re3 Rf5 30. Rec3 Rxc5 31. Rxc5 a6 32. Ba4 Bf5 33. f4 Kb7 34. f3 e5 35. fxe5 Bxd7 36. Rd5 Kc7 37. Bxd7 Rxd7 38. Rxd7+ Kxd7 39. f4 Ke6 40. Kf2 g5 41. fxg5 Kxe5 42. Kf3 Kf5 43. h4 Ke5 44. Kg4 1-0

[Event "Nereto op Magistrale 5th"]
[Site "Nereto"]
[Date "2000.08.12"]
[Round "2"]
[White "Ortega, Lexy"]
[Black "Corvi, Marco"]
[Result "1-0"]
[WhiteElo "2491"]
[BlackElo "2319"]
[PlyCount "191"]
[EventDate "2000.08.11"]
[Source "www.chesslib.no"]
[SourceDate "2004.05.04"]

1. d4 f5 2. Nc3 Nf6 3. Bg5 e6 4. e4 fxe4 5. Nxe4 Be7 6. Bxf6 Bxf6 7. Nf3 Qe7 8. Bd3 b6 9. O-O Bb7 10. Re1 c5 11. Nxf6+ Qxf6 12. Be4 Bxe4 13. Rxe4 cxd4 14. Nxd4 O-O 15. Qd2 Na6 16. Rae1 Nc5 17. R4e3 Qf4 18. f3 a5 19. b3 Kh8 20. a3 Qg5 21. b4 axb4 22. axb4 e5 23. Nb5 Ne6 24. Qxd7 Ra1 25. Rxa1 Qxe3+ 26. Kh1 Nf4 27. Qf5 Kg8 28. Qe4 Qf2 29. Rg1 Ne2 30. Ra1 Nf4 31. Rg1 Ne2 32. Qd5+ Kh8 33. Rd1 h6 34. Nd6 Nc3 35. Ne4 Qxc2 36. Nxc3 Qxc3 37. Qd6 Rc8 38. Qxb6 Kh7 39. h3 Qc2 40. Qd6 Qc3 41. Qd3+ Qxd3 42. Rxd3 Rc1+ 43. Kh2 Rb1 44. Re3 Rxb4 45. Rxe5 Rb7 46. h4 g6 47. g4 Kg7 48. Rd5 Ra7 49. Kg3 Rf7 50. Rc5 Kh7 51. Re5 Ra7 52. Kf2 Rb7 53. Ke3 Rb3+ 54. Kf4 Rb4+ 55. Re4 Rb7 56. Rc4 Rf7+ 57. Ke4 Ra7 58. f4 Re7+ 59. Kd5 Re1 60. Rc7+ Kg8 61. f5 gxf5 62. gxf5 h5 63. Kd6 Kf8 64. Rh7 Re2 65. Rxh5 Kf7 66. Rh6 Re1 67. Kd5 Re2 68. h5 Re1 69. Rb6 Rd1+ 70. Ke4 Re1+ 71. Kf4 Rf1+ 72. Kg5 Rg1+ 73. Kh6 Rh1 74. Rb2 Kf6 75. Rg2 Rh3 76. Rg1 Kxf5 77. Rf1+ Ke6 78. Kg6 Rg3+ 79. Kh7 Rh3 80. h6 Rh4 81. Kg6 Rh2 82. Re1+ Kd7 83. h7 Rg2+ 84. Kf7 Rh2 85. Rd1+ Kc7 86. Kg8 Rg2+ 87. Kh8 Rg3 88. Ra1 Kd7 89. Ra8 Ke6 90. Rg8 Rh3 91. Rg2 Kf7 92. Rf2+ Ke7 93. Rf5 Rh1 94. Kg7 Rg1+ 95. Kh6 Rh1+ 96. Rh5 1-0

[Event "Wisla BES Open"]
[Site "Wisla"]
[Date "1992.??.??"]
[Round "1"]
[White "Misiuga, Andrzej"]
[Black "Malaniuk, Vladimir P"]
[Result "0-1"]
[WhiteElo "2255"]
[BlackElo "2550"]
[PlyCount "126"]
[EventDate "1992.??.??"]
[Source "www.chesslib.no"]
[SourceDate "2004.05.04"]

1. d4 f5 2. e4 fxe4 3. Nc3 Nf6 4. Bg5 Nc6 5. d5 Ne5 6. Qd4 Nf7 7. Bxf6 exf6 8. Qxe4+ Qe7 9. Nf3 f5 10. Qxe7+ Bxe7 11. Bd3 g6 12. O-O-O O-O 13. Rhe1 Bf6 14. Nb5 c6 15. Nc7 Rb8 16. Ne8 Bd8 17. d6 b5 18. b4 a5 19. c3 Ng5 20. Nxg5 Bxg5+ 21. Kb2 Bb7 22. Nc7 axb4 23. cxb4 Rbc8 24. Bc2 Bd8 25. Bb3+ Kh8 26. f3 Bxc7 27. dxc7 d5 28. Re7 Kg8 29. Rde1 Rf7 30. Re8+ Kg7 31. Rxc8 Bxc8 32. Rc1 Rxc7 33. Bxd5 Bd7 34. f4 Kf6 35. Bf3 Rc8 36. a4 bxa4 37. Ka3 Ke7 38. Rc5 Kd6 39. Kxa4 Re8 40. Kb3 Re1 41. Kb2 h6 42. Ra5 g5 43. Ra6 Kc7 44. Ra7+ Kc8 45. Ra6 Re6 46. fxg5 hxg5 47. h3 Kc7 48. Kc3 Re8 49. Kd4 Rb8 50. Kc3 Kd6 51. Ra5 Re8 52. Kd4 Re1 53. Ra6 Rb1 54. Kc3 Ke5 55. Ra7 Be6 56. Be2 Rb3+ 57. Kc2 Rxb4 58. g3 Bd5 59. Rg7 Kf6 60. Rd7 Ra4 61. Rd6+ Ke5 62. Rg6 Ra2+ 63. Kd1 Kd4 0-1

[Event "SVK Team Ch"]
[Site "Slovakia"]
[Date "1994.??.??"]
[Round "?"]
[White "Timoscenko, Genadij A"]
[Black "Kolcak, Marek"]
[Result "1-0"]
[WhiteElo "2520"]
[BlackElo "2285"]
[PlyCount "47"]
[EventDate "1994.??.??"]
[Source "www.chesslib.no"]
[SourceDate "2004.05.04"]

1. d4 f5 2. e4 fxe4 3. Nc3 Nf6 4. Bg5 Nc6 5. d5 Ne5 6. Qe2 c6 7. O-O-O Qa5 8. Bxf6 exf6 9. Qxe4 Ba3 10. Qe1 O-O 11. bxa3 Qxa3+ 12. Kb1 b5 13. Ka1 b4 14. Nb1 Qa4 15. Qd2 Ba6 16. Bxa6 Qxa6 17. Nf3 Rab8 18. Nxe5 fxe5 19. Rhe1 Rb5 20. dxc6 Ra5 21. a3 dxc6 22. Qxb4 Rb5 23. Qe7 Qb6 24. Rd7 1-0

[Event "Corr"]
[Site "?"]
[Date "1997.??.??"]
[Round "?"]
[White "Hase Michael"]
[Black "Metzer Karl Heinz"]
[Result "1-0"]
[WhiteElo "2485"]
[BlackElo "2315"]
[PlyCount "69"]
[EventDate "1997.??.??"]
[Source "www.chesslib.no"]
[SourceDate "2004.05.04"]

1. d4 f5 2. Nc3 Nf6 3. Bg5 e6 4. e4 fxe4 5. Nxe4 Be7 6. Bxf6 Bxf6 7. Nf3 Qe7 8. c3 Nc6 9. Bd3 b6 10. Qc2 Bb7 11. O-O-O O-O-O 12. Kb1 Kb8 13. h4 h5 14. Qe2 Rdf8 15. Neg5 Bxg5 16. Nxg5 Nd8 17. f3 Nf7 18. Nh7 Rc8 19. Bg6 Qd8 20. Qb5 Bd5 21. Qd3 Nd6 22. b3 Qg8 23. c4 Bc6 24. Rde1 Ne8 25. Ng5 Nd6 26. c5 Bb5 27. Qc2 Nf5 28. Bxf5 exf5 29. cxb6 axb6 30. Qxf5 d5 31. Ne6 Qh7 32. Qxh7 Rxh7 33. Nf4 c6 34. Re6 Rhh8 35. a4 1-0

[Event "Las Palmas Pirez"]
[Site "Las Palmas"]
[Date "1993.??.??"]
[Round "8"]
[White "Cifuentes Parada, Roberto"]
[Black "Menvielle Lacourrelle, Augusto"]
[Result "1-0"]
[WhiteElo "2495"]
[BlackElo "2305"]
[PlyCount "69"]
[EventDate "1993.09.??"]
[Source "ChessBase"]

1. d4 f5 2. e4 fxe4 3. Nc3 Nf6 4. Bg5 Nc6 5. d5 Ne5 6. Qd4 Nf7 7. h4 e5 8. dxe6 dxe6 9. Qxd8+ Nxd8 10. O-O-O Nf7 11. Bxf6 gxf6 12. Nxe4 Be7 13. Bb5+ c6 14. Be2 f5 15. Ng3 Rg8 16. Bh5 Bc5 17. Rd2 Ke7 18. Nf3 Nd6 19. Re1 Rxg3 20. fxg3 Ne4 21. g4 Nxd2 22. Kxd2 f4 23. Re4 Be3+ 24. Kc3 Bd7 25. g5 c5 26. Bg4 Kd6 27. Kd3 b5 28. Ne5 Be8 29. g3 Bd4 30. gxf4 Bxb2 31. c3 a5 32. Kc2 Ba3 33. h5 Ra7 34. Nc4+ bxc4 35. Rxe6+ 1-0

[Event "NRW-Liga II 9697"]
[Site "Germany"]
[Date "1997.??.??"]
[Round "7.1"]
[White "Riemersma, Liafbern"]
[Black "Haub, Thorsten Michael"]
[Result "1-0"]
[WhiteElo "2435"]
[BlackElo "2365"]
[PlyCount "83"]
[EventDate "1996.??.??"]
[Source "www.chesslib.no"]
[SourceDate "2004.05.04"]

1. d4 f5 2. Nc3 Nf6 3. Bg5 e6 4. e4 fxe4 5. Nxe4 Be7 6. Nxf6+ Bxf6 7. h4 Qe7 8. Bd3 Qf7 9. Nf3 Nc6 10. c3 d6 11. Qc2 Ne7 12. h5 h6 13. Bd2 Bd7 14. O-O-O O-O-O 15. Rde1 Kb8 16. Qb3 Rhf8 17. Re2 Rde8 18. Kb1 Ka8 19. Bc1 Rb8 20. Be4 Nd5 21. Bg6 Qg8 22. Nh4 e5 23. Be4 Be6 24. c4 Nf4 25. Rc2 d5 26. cxd5 Nxd5 27. dxe5 Bxe5 28. Qa4 Bd6 29. Rd1 Rfd8 30. Nf5 Bf8 31. Nd4 c6 32. Nxc6 bxc6 33. Rxc6 Rb7 34. Qc4 Be7 35. Rxe6 Nc3+ 36. Qxc3 Qxe6 37. Rxd8+ Bxd8 38. Qc6 Qxc6 39. Bxc6 Kb8 40. Bxb7 Kxb7 41. Kc2 Kc6 42. Be3 1-0

[Event "Lyngby Open"]
[Site "Lyngby DEN"]
[Date "1989.??.??"]
[Round "2"]
[White "Fedder, Steen"]
[Black "Kristiansen, Jens"]
[Result "1/2-1/2"]
[WhiteElo "2390"]
[BlackElo "2405"]
[PlyCount "97"]
[EventDate "1989.??.??"]
[Source "www.chesslib.no"]
[SourceDate "2004.05.04"]

1. d4 f5 2. e4 fxe4 3. Nc3 Nf6 4. Bg5 Nc6 5. d5 Ne5 6. Qd4 Nf7 7. Bxf6 exf6 8. Qxe4+ Qe7 9. O-O-O Qxe4 10. Nxe4 f5 11. Nc3 g6 12. Nb5 Kd8 13. Nd4 a6 14. g3 Bg7 15. Bg2 Rb8 16. h4 b5 17. h5 Rb6 18. Nge2 Rf6 19. hxg6 hxg6 20. Rxh8+ Bxh8 21. f4 Rd6 22. Nb3 Bb7 23. c4 bxc4 24. Na5 Rb6 25. Nxc4 Rb5 26. Kc2 Rc5 27. Kb3 a5 28. Nc3 Ba6 29. Ne3 Nd6 30. a4 Nc4 31. Nxc4 Bxc4+ 32. Kc2 Ke7 33. Re1+ Kd6 34. Re8 Bxc3 35. bxc3 Bxd5 36. Bxd5 Rxd5 37. Rg8 Kc5 38. Kb3 Rd6 39. Rc8 Kb6 40. Rb8+ Ka7 41. Rg8 c6 42. Kc4 Kb6 43. Rb8+ Kc7 44. Ra8 Re6 45. Rg8 Kd6 46. Rg7 Kc7 47. Rg8 Rd6 48. Rg7 Kb6 49. Rg8 1/2-1/2

[Event "Olympiad"]
[Site "Thessaloniki GRE"]
[Date "1988.??.??"]
[Round "4"]
[White "Schmidt, Wlodzimierz"]
[Black "Yilmaz, Turhan"]
[Result "1/2-1/2"]
[WhiteElo "2440"]
[BlackElo "2350"]
[PlyCount "86"]
[EventDate "1988.??.??"]
[Source "www.chesslib.no"]
[SourceDate "2004.05.04"]

1. d4 f5 2. e4 fxe4 3. Nc3 Nf6 4. Bg5 Nc6 5. d5 Ne5 6. Qd4 Nf7 7. h4 c6 8. O-O-O Qb6 9. Bxf6 gxf6 10. Qxe4 Qxf2 11. Nf3 Bh6+ 12. Kb1 Qe3 13. Qg4 Qf4 14. Qh5 d6 15. dxc6 bxc6 16. Qa5 Rb8 17. a3 O-O 18. Qxa7 Bg4 19. Qd4 f5 20. Ne2 Qe4 21. Ng3 Qxd4 22. Rxd4 d5 23. Nh2 Bg7 24. Rb4 c5 25. Rxb8 Rxb8 26. b3 Nd6 27. Nxg4 fxg4 28. Be2 Be5 29. Nh5 Nb5 30. Bxg4 Nxa3+ 31. Kc1 d4 32. Be6+ Kh8 33. Rf1 Nb5 34. Rf7 Nd6 35. Rxe7 Rf8 36. Bd5 Bh2 37. Ra7 h6 38. Ra8 Rxa8 39. Bxa8 Nf5 40. Be4 Nd6 41. Bd5 Be5 42. g4 Kh7 43. Kd2 Kg6 1/2-1/2

[Event "Dortmund op-A"]
[Site "?"]
[Date "1992.??.??"]
[Round "1"]
[White "Peitscheva Juergens, V."]
[Black "Glek, I."]
[Result "0-1"]
[WhiteElo "2275"]
[BlackElo "2515"]
[PlyCount "96"]
[EventDate "1992.??.??"]
[Source "www.chesslib.no"]
[SourceDate "2004.05.04"]

1. d4 f5 2. e4 fxe4 3. Nc3 Nf6 4. Bg5 Nc6 5. d5 Ne5 6. Qd4 Nf7 7. Bxf6 exf6 8. Qxe4+ Qe7 9. Qxe7+ Bxe7 10. O-O-O a6 11. Nf3 Nd6 12. Bd3 b5 13. Rhe1 Kf7 14. Re3 Bb7 15. Rde1 Bf8 16. a3 g6 17. Kb1 Nc8 18. Be4 Bc5 19. R3e2 Nd6 20. Nd2 Rhe8 21. f4 Bd4 22. Bf3 Rxe2 23. Rxe2 Re8 24. Rxe8 Kxe8 25. Nce4 Nxe4 26. Nxe4 f5 27. Ng3 Bc8 28. Ne2 Bg7 29. Nc1 Ke7 30. Nb3 Kd6 31. Na5 Bd4 32. b4 Be3 33. c4 Bxf4 34. g3 Be3 35. Kc2 Bg1 36. h3 Ke5 37. Kd3 Bf2 38. g4 Kf4 39. Be2 fxg4 40. hxg4 Bb6 41. cxb5 axb5 42. Kc3 d6 43. Bxb5 Bxg4 44. Bd3 h5 45. Bxg6 h4 46. Nc4 h3 47. Nd2 Be2 48. Be4 Be3 0-1

[Event "Koop Tjuchem (open), Groningen NED"]
[Site "Groningen"]
[Date "1996.??.??"]
[Round "?"]
[White "Kogan, A."]
[Black "Haub, TM."]
[Result "0-1"]
[WhiteElo "2475"]
[BlackElo "2310"]
[PlyCount "49"]
[EventDate "1996.??.??"]
[Source "www.chesslib.no"]
[SourceDate "2004.05.04"]

1. d4 f5 2. Nc3 Nf6 3. Bg5 e6 4. e4 fxe4 5. Nxe4 Be7 6. Bxf6 Bxf6 7. Qh5+ g6 8. Qh6 Nc6 9. Nf3 Qe7 10. Nxf6+ Qxf6 11. O-O-O d6 12. Bb5 Bd7 13. d5 exd5 14. Rhe1+ Kd8 15. Re3 a6 16. Bxc6 bxc6 17. Ng5 Rb8 18. c3 Qxf2 19. Rd2 Qg1+ 20. Kc2 Bf5+ 21. Red3 Qa1 22. b4 Qxa2+ 23. Kc1 Qa1+ 24. Kc2 Re8 25. Ne6+ 0-1

[Event "Sparkassen Chess Meeting Open A"]
[Site "Dortmund"]
[Date "2003.08.08"]
[Round "7"]
[White "Schebler, Gerhard"]
[Black "Koscielski, Janusch"]
[Result "1-0"]
[WhiteElo "2482"]
[BlackElo "2302"]
[PlyCount "63"]
[EventDate "2003.08.01"]
[Source "Roberto Alvarez"]
[SourceDate "2003.08.11"]

1. d4 f5 2. e4 fxe4 3. Nc3 Nf6 4. Bg5 Nc6 5. d5 Ne5 6. Qe2 Nf7 7. h4 c6 8. O-O-O cxd5 9. Nxd5 e6 10. Nc3 Be7 11. Nxe4 Qa5 12. Kb1 Nxe4 13. Qxe4 Nxg5 14. hxg5 Bxg5 15. Rxh7 Rxh7 16. Qxh7 Bf6 17. Nf3 Qb4 18. Qh5+ Ke7 19. Ne5 Kd8 20. a3 Qh4 21. Qf7 Bxe5 22. Qf8+ Kc7 23. Qc5+ Kd8 24. Qxe5 Qf6 25. Qe3 b6 26. Bb5 Ke7 27. Qd2 d5 28. Qb4+ Kf7 29. Bc6 Rb8 30. Qd6 Rb7 31. Bxb7 Bxb7 32. Rd3 1-0

[Event "TCh-FRA Nat1 GpB"]
[Site "Clichy"]
[Date "2004.01.30"]
[Round "1"]
[White "Kouatly, Bachar"]
[Black "Froeyman, Helmut"]
[Result "1-0"]
[WhiteElo "2473"]
[BlackElo "2308"]
[PlyCount "153"]
[EventDate "2004.01.30"]
[Source "Roberto Alvarez"]
[SourceDate "2004.02.09"]

1. d4 f5 2. e4 fxe4 3. Nc3 Nf6 4. Bg5 Nc6 5. Nh3 e6 6. Nxe4 Be7 7. Bxf6 Bxf6 8. c3 O-O 9. f4 d6 10. g3 e5 11. dxe5 dxe5 12. Qxd8 Bxd8 13. Nhg5 g6 14. Bc4+ Kg7 15. Nc5 Bxg5 16. fxg5 b6 17. Bd5 bxc5 18. Bxc6 Rb8 19. b3 Rb6 20. Bd5 Rd6 21. c4 c6 22. Bg2 Bg4 23. Rf1 Rfd8 24. Bf3 Bxf3 25. Rxf3 Rd2 26. Rf2 R2d4 27. Kf1 Rg4 28. Kg2 Rxg5 29. Raf1 Rd7 30. Rf6 Re7 31. h4 Rg4 32. Rxc6 e4 33. Rxc5 e3 34. Rg5 Rd4 35. Rd5 Rg4 36. Re1 Rge4 37. Kf3 R4e6 38. Re2 h6 39. c5 a6 40. Rd6 Rf7+ 41. Kg2 Rxd6 42. cxd6 Rd7 43. Kf3 Rxd6 44. Kxe3 Kf6 45. Rf2+ Ke5 46. Rf4 h5 47. Ra4 Rb6 48. b4 Kd5 49. Kd3 Rd6 50. Ra5+ Kc6+ 51. Kc4 Kb7 52. Re5 Rc6+ 53. Kd5 Rc3 54. Rg5 Rc6 55. a4 Rb6 56. Kc5 Rc6+ 57. Kd4 Rf6 58. Re5 Rd6+ 59. Kc5 Rc6+ 60. Kd5 Rc3 61. Rg5 Rc6 62. g4 hxg4 63. Rxg4 Rf6 64. Ke5 Rf5+ 65. Ke6 Ka7 66. a5 Kb7 67. Rxg6 Rf4 68. h5 Rxb4 69. Rg5 Kc6 70. Kf6 Rh4 71. Kg7 Rd4 72. h6 Rd7+ 73. Kg6 Rd6+ 74. Kh5 Rd7 75. Rf5 Rd2 76. h7 Rd1 77. Kg6 1-0

[Event "It (open)"]
[Site "Uzhgorod (Ukraine)"]
[Date "2007.05.26"]
[Round "4"]
[White "Panchenko Alexandar G (UKR)"]
[Black "Dovzik Juri (UKR)"]
[Result "0-1"]
[WhiteElo "2365"]
[BlackElo "2415"]
[PlyCount "52"]
[EventDate "2007.??.??"]
[Source "www.chesslib.no"]
[SourceDate "2004.05.04"]

1. d4 f5 2. e4 fxe4 3. Nc3 Nf6 4. Bg5 Nc6 5. d5 Ne5 6. Qd4 Nf7 7. Bxf6 exf6 8. Nxe4 f5 9. Ng3 g6 10. O-O-O Bh6+ 11. f4 O-O 12. Nf3 Bg7 13. Qd2 b5 14. h4 h5 15. Bd3 Qf6 16. c3 Rb8 17. Rhe1 c5 18. Bf1 Rb6 19. Nh1 b4 20. c4 Ra6 21. Kb1 Qd8 22. g3 Qa5 23. b3 Qd8 24. Ne5 Qf6 25. Nf2 d6 26. Nfd3 Re8 0-1

[Event "COL-ch34"]
[Site "Bogota COL"]
[Date "1986.??.??"]
[Round "3"]
[White "Alzate, Dario"]
[Black "Castro, Oscar H"]
[Result "1/2-1/2"]
[WhiteElo "2365"]
[BlackElo "2415"]
[PlyCount "160"]
[EventDate "1986.??.??"]
[Source "www.chesslib.no"]
[SourceDate "2004.05.04"]

1. d4 f5 2. e4 fxe4 3. Nc3 Nf6 4. Bg5 Nc6 5. d5 Ne5 6. Qd4 Nf7 7. h4 c6 8. O-O-O Qa5 9. Bxf6 gxf6 10. Qxe4 e6 11. g4 Be7 12. dxe6 dxe6 13. f4 Bd7 14. Rxd7 Kxd7 15. Bc4 Nd8 16. Nf3 Re8 17. Rd1+ Kc7 18. Qd3 Nf7 19. Qd7+ Kb6 20. Qxe6 Qxc3 21. bxc3 Ba3+ 22. Kd2 Nd6 23. Kd3 Rxe6 24. Bxe6 Rd8 25. Ke2 Re8 26. f5 h5 27. Nd4 hxg4 28. Kd3 c5 29. Rb1+ Kc7 30. Nb5+ Nxb5 31. Rxb5 Rh8 32. Kc4 Rxh4 33. Kb3 Kc6 34. c4 Rh3+ 35. c3 Bb4 36. Bd5+ Kd6 37. Rxb7 Rxc3+ 38. Kb2 a5 39. Rg7 g3 40. Rg8 a4 41. Re8 a3+ 42. Kb1 Rd3 43. Re6+ Kd7 44. Re2 Rxd5 45. cxd5 c4 46. Re4 Bc5 47. Rg4 Bf2 48. Rg6 Kd6 49. Rxf6+ Ke5 50. Rg6 Kxf5 51. Rg8 Ke5 52. Rg5+ Kf4 53. Rg6 Kf3 54. d6 g2 55. d7 Bb6 56. d8=Q g1=Q+ 57. Kc2 Qf2+ 58. Qd2 Qxd2+ 59. Kxd2 Bd4 60. Rc6 Ke4 61. Rxc4 Kd5 62. Kd3 Bb2 63. Rb4 Ke5 64. Rb8 Kf4 65. Re8 Bc1 66. Re4+ Kf5 67. Kd4 Kf6 68. Kd5 Bb2 69. Re2 Bc1 70. Re6+ Kf5 71. Re1 Bd2 72. Rf1+ Kg4 73. Ke4 Kg5 74. Rf2 Bc3 75. Rf5+ Kg4 76. Rf1 Kg5 77. Kd5 Bd2 78. Kc5 Bc3 79. Rf3 Bb2 80. Kb4 Kg4 1/2-1/2